000 00566nam a22002057a 4500
003 DO-SdBNP
005 20180212141337.0
008 161117b2000 sp||||| |||| 00| 0 spa d
020 _a8420712507
040 _aBPMSU
_bspa
_cBPMSU
100 _aVilarrubias, Pia
245 _a¿A qué juegan Nico y Max? /
_cPia Vilarrubias
260 _aMadrid :
_bAnaya ,
_c2000
300 _a32 p. :
_bil. :
_c22 cm
490 0 _aNico y sus juguetes
_v1
830 0 _aNico y sus juguetes
_n1
942 _2ddc
_cBK
945 _aInventariado, 2018/ YL
956 _adgarcia
999 _c11976
_d11976